• 首页
  • 本馆介绍
  • 公告通知
  • 最新文献
  • 馆藏检索
  • 电子资源
  • 读者导购
  • 参考咨询
  • 我的图书馆
  • 登录
  • 详细信息显示
  • 放入我的书架
  • 预约/预借图书
  • 作者相关作品
  • 分类相关作品
  • 丛书相关作品
  • 出版社相关作品

书目信息

  • 表格格式
  • 工作单格式
  • 卡片格式
题名:
共青团员怎样要求自己
    
 
作者: ;共青团中央宣传部 编
分册:  
出版信息: 北京   中国青年出版社  1980
页数: 138页
开本: 19cm
丛书名:
单 册:
中图分类: D296.3
科图分类:
主题词: 共青团员--标准--中国
电子资源:
ISBN:
000 00728nam0 2200229 45
001 0180007936
005 20051216091827.06
010    @dCNY0.29
091    @a7009.252
100    @a19950605d1980 em y0chiy0121 ea
101 0  @achi
102    @aCN@b110000
105    @ay z 000yy
200 10 @a共青团员怎样要求自己@Agong qing tuan yuan zen yang yao qiu zi ji@f共青团中央宣传部编@Fgong qing tuan zhong yang xuan chuan bu bian
210    @a北京@c中国青年出版社@d1980
215    @a138页@d19cm
606    @a共青团员@x标准@y中国
690    @aD296.3@v3
711 02 @a共青团中央宣传部@Agong qing tuan zhong yang xuan chuan bu@4编
801  2 @aCN@bNLC@c20051216
801  0 @aCN@b上海图书馆@c20040424
905    @f1@b32206@dD296.3@e1
    
    共青团员怎样要求自己/共青团中央宣传部编.-北京:中国青年出版社,1980
    138页;19cm
    
    
    ISBN :CNY0.29
    
●
相关链接 在E读中查询图书 在五车中查询图书 在当当中查询图书 在豆瓣中查询图书


正题名:共青团员怎样要求自己     索取号:D296.3/1         预约/预借

序号 登录号 条形码 馆藏地/架位号 状态 备注
1 0032204   001849174   密集书库/ [索取号:D296.3/1] 在馆    
2 0032205   001849138   密集书库/ [索取号:D296.3/1] 在馆    
3 0032206   000380992   第一样本阅览室/ [索取号:D296.3/1] 在馆    
4 0032207   202177036   密集书库/ [索取号:D296.3/1] 在馆    
5 0032208   001759993   密集书库/ [索取号:D296.3/1] 在馆    
唐山师范学院图书馆 欢迎您!
大连网信软件有限公司© 版权所有